Green Day Finish the Lyrics - Easy - Statistics

General Stats
  • This quiz has been taken 80 times
  • The average score is 11 of 20
Answer Stats
Song Lyrics Answer % Correct
Boulevard of Broken Dreams I walk a lonely road / The only one that I have ever _____ Known
92%
Good Riddance It's something unpredictable / But in the end, it's right / I hope you had the time of your _____ Life
91%
Basket Case Do you have the time to listen to me _____? Whine
91%
Know Your Enemy Do you know the enemy? / Do you know your enemy? / Well, gotta know the enemy, _____ Rah-eh
80%
21 Guns One, 21 guns / Lay down your arms, give up the _____ Fight
73%
Brain Stew My eyes feel like they're gonna bleed / Dried up, and bulgin' out my _____ Skull
64%
When I Come Around No time to search the world around / 'Cause you know where I'll be _____ Found
62%
Longview Bite my lip and close my eyes / Take me away to _____ Paradise
61%
Holiday Hear the sound of the fallin' rain / Comin' down like an Armageddon _____ Flame
59%
Wake Me Up When September Ends Here comes the rain again / Falling from the _____ Stars
58%
Welcome to Paradise Dear mother, can you hear me whinin'? / It's been three whole weeks since that I have left your _____ Home
56%
Minority I wanna be the minority / I don't need your _____ Authority
50%
Jesus of Suburbia I'm the son of rage and _____ Love
50%
She She, she screams in silence / A sullen riot penetrating through her _____ Mind
50%
Stray Heart Everything that I want, I want from _____ You
47%
Hitchin' a Ride Troubled times, you know I cannot _____ Lie
41%
American Idiot Don't wanna be an American idiot / Don't want a country under the new _____ Mania
36%
Still Breathing 'Cause I'm still breathing / 'Cause I'm still breathing on my own / My head's above the rain and _____ Roses
29%
Bang Bang Bang! Bang! Gimme fame! / Shoot me up to _____ Entertain
24%
Oh Love Far away, far away / Waste away tonight / Tonight, my heart's on the _____ Loose
24%
No matching quizzes found
Score Distribution
Percent of People with Each Score
Percentile by Number Answered
Your Score History
You have not taken this quiz